<?xml version="1.0" encoding="UTF-8"?>
<marc:record xmlns:marc="http://www.loc.gov/MARC21/slim">
   <marc:leader>00000nam a2200000 a 4500</marc:leader>
   <marc:datafield ind1="1" ind2=" " tag="100">
      <marc:subfield code="a">Angel, Frauke</marc:subfield>
      <marc:subfield code="4">aut</marc:subfield>
      <marc:subfield code="e">Verfasser/-in</marc:subfield>
   </marc:datafield>
   <marc:datafield ind1="0" ind2="0" tag="245">
      <marc:subfield code="a">Heul doch</marc:subfield>
   </marc:datafield>
   <marc:datafield ind1="0" ind2="0" tag="245">
      <marc:subfield code="b">vom Heulen, Plärren, Weinen und Flennen</marc:subfield>
   </marc:datafield>
   <marc:datafield ind1="0" ind2="0" tag="245">
      <marc:subfield code="c">Angel, Frauke</marc:subfield>
   </marc:datafield>
   <marc:datafield ind1=" " ind2="1" tag="264">
      <marc:subfield code="a">Innsbruck</marc:subfield>
      <marc:subfield code="b">Tyrolia</marc:subfield>
      <marc:subfield code="c">2021</marc:subfield>
   </marc:datafield>
   <marc:datafield ind1="1" ind2=" " tag="520">
      <marc:subfield code="a">Fast alle Menschen tun es und zwar auf der ganzen Welt: heulen, plärren, weinen und flennen. Die Gründe dafür sind mannigfaltig und höchst individuell. Sei es vor Schmerzen, vor Trauer, vor Wut, vor Verzweiflung, sei es auf Knopfdruck, wenn man schauspielern soll, oder weil es wie bei Babys die einzige Möglichkeit ist, ein dringendes Bedürfnis mitzuteilen. Auch vor Freude, Rührung und Erleichterung können uns schon einmal die Tränen kommen, während sie anderswo bereits völlig versiegt scheinen.</marc:subfield>
   </marc:datafield>
   <marc:datafield ind1=" " ind2=" " tag="020">
      <marc:subfield code="a">9783702239145</marc:subfield>
      <marc:subfield code="9">9783702239145</marc:subfield>
   </marc:datafield>
   <marc:datafield ind1=" " ind2=" " tag="020">
      <marc:subfield code="a">3702239146</marc:subfield>
      <marc:subfield code="9">3702239146</marc:subfield>
   </marc:datafield>
   <marc:datafield ind1=" " ind2=" " tag="041">
      <marc:subfield code="a">ger</marc:subfield>
   </marc:datafield>
   <marc:datafield ind1=" " ind2=" " tag="300">
      <marc:subfield code="a">circa 26 Seiten</marc:subfield>
   </marc:datafield>
</marc:record>
